<?xml version="1.0" encoding="UTF-8"?>
<record
    xmlns:xsi="http://www.w3.org/2001/XMLSchema-instance"
    xsi:schemaLocation="http://www.loc.gov/MARC21/slim http://www.loc.gov/standards/marcxml/schema/MARC21slim.xsd"
    xmlns="http://www.loc.gov/MARC21/slim">

  <leader>01843nam a2200241 a 4500</leader>
  <controlfield tag="005">20150624020002.0</controlfield>
  <controlfield tag="008">140124b2005    ck ||||| |||| 00| 0 spa d</controlfield>
  <datafield tag="040" ind1=" " ind2=" ">
    <subfield code="c">CO-BoIH</subfield>
  </datafield>
  <datafield tag="041" ind1=" " ind2=" ">
    <subfield code="a">spa</subfield>
  </datafield>
  <datafield tag="044" ind1=" " ind2=" ">
    <subfield code="a">ck</subfield>
  </datafield>
  <datafield tag="090" ind1=" " ind2=" ">
    <subfield code="a">IAVH</subfield>
    <subfield code="b">00424</subfield>
  </datafield>
  <datafield tag="100" ind1=" " ind2=" ">
    <subfield code="a">Aguilar Garavito, Dar&#xED;o Mauricio</subfield>
    <subfield code="9">4991</subfield>
  </datafield>
  <datafield tag="245" ind1=" " ind2=" ">
    <subfield code="a">Dispersi&#xF3;n de semillas por murci&#xE9;lagos en cuatro estados sucesionales de una localidad subandina</subfield>
  </datafield>
  <datafield tag="260" ind1=" " ind2=" ">
    <subfield code="a">Bogot&#xE1;</subfield>
    <subfield code="b">Pontificia Universidad Javeriana</subfield>
    <subfield code="c">2005</subfield>
  </datafield>
  <datafield tag="300" ind1=" " ind2=" ">
    <subfield code="a">60 p.</subfield>
  </datafield>
  <datafield tag="520" ind1=" " ind2=" ">
    <subfield code="a">La Reserva Forestal Bremen-La Popa y el ca&#xF1;&#xF3;n del r&#xED;o Barbas son fragmentos de bosque subandino importantes para la conservaci&#xF3;n de la biodiversidad en la cordillera central de Colombia. Este trabajo de grado en ecolog&#xED;a en forma de investigaci&#xF3;n busca hacer un aporte al conocimiento de las especies de murci&#xE9;lagos que habitan en la Reserva y de zonas para crear corredores biol&#xF3;gicos, con &#xE9;nfasis en los murci&#xE9;lagos frug&#xED;voros y las especies vegetales cuyos frutos hacen parte de su dieta. El objetivo de la investigaci&#xF3;n es determinar la composici&#xF3;n del conjunto de murci&#xE9;lagos frug&#xED;voros y de las semillas que ellos dispersan; comparar los conjuntos de murci&#xE9;lagos encontrados en diferentes estados sucesionales: bosque maduro, zona de crecimiento secundario de siete a&#xF1;os, zona de crecimiento secundario de un a&#xF1;o y potrero, y comparar las especies vegetales que dispersan en esos estados sucesionales. Se recomiendan mayores estudios ecol&#xF3;gicos de muerci&#xE9;lagos, plantear una estrategia de restauraci&#xF3;n ecol&#xF3;gica basada en animales dispersores de semillas</subfield>
  </datafield>
  <datafield tag="650" ind1=" " ind2=" ">
    <subfield code="a">Murci&#xE9;lagos frug&#xED;voros </subfield>
    <subfield code="9">4992</subfield>
  </datafield>
  <datafield tag="650" ind1=" " ind2=" ">
    <subfield code="a">Dispersi&#xF3;n de semillas </subfield>
    <subfield code="9">30536</subfield>
  </datafield>
  <datafield tag="650" ind1=" " ind2=" ">
    <subfield code="a">Especies de plantas</subfield>
    <subfield code="9">4994</subfield>
  </datafield>
  <datafield tag="650" ind1=" " ind2=" ">
    <subfield code="a">Regeneraci&#xF3;n natural de la selva subandina</subfield>
    <subfield code="9">4995</subfield>
  </datafield>
  <datafield tag="942" ind1=" " ind2=" ">
    <subfield code="c">INFORME</subfield>
    <subfield code="2">z</subfield>
    <subfield code="0">3</subfield>
  </datafield>
  <datafield tag="945" ind1=" " ind2=" ">
    <subfield code="d">2005-11-10</subfield>
  </datafield>
  <datafield tag="999" ind1=" " ind2=" ">
    <subfield code="c">4791</subfield>
    <subfield code="d">4791</subfield>
  </datafield>
  <datafield tag="952" ind1=" " ind2=" ">
    <subfield code="0">0</subfield>
    <subfield code="1">0</subfield>
    <subfield code="2">z</subfield>
    <subfield code="4">0</subfield>
    <subfield code="7">0</subfield>
    <subfield code="8">HUMBOLDT</subfield>
    <subfield code="I">INV2017</subfield>
    <subfield code="a">Bogota</subfield>
    <subfield code="b">Bogota</subfield>
    <subfield code="d">2005-11-10</subfield>
    <subfield code="l">3</subfield>
    <subfield code="o">IAVH-00424</subfield>
    <subfield code="p">022150</subfield>
    <subfield code="r">2024-08-09 00:00:00</subfield>
    <subfield code="s">2015-06-23</subfield>
    <subfield code="t">Ej. 1</subfield>
    <subfield code="w">2012-12-04</subfield>
    <subfield code="x">Dep&#xF3;sito Institucional</subfield>
    <subfield code="y">INFORME</subfield>
  </datafield>
</record>
